• 首页
  • 本馆介绍
  • 公告通知
  • 最新文献
  • 馆藏检索
  • 电子资源
  • 读者导购
  • 参考咨询
  • 我的图书馆
  • 登录
  • 详细信息显示
  • 放入我的书架
  • 预约/预借图书
  • 作者相关作品
  • 分类相关作品
  • 丛书相关作品
  • 出版社相关作品

书目信息

  • 表格格式
  • 工作单格式
  • 卡片格式
题名:
要么创新,要么死亡
    
 
作者: 谢国平 著
分册:  
出版信息: 北京   东方出版社  2000
页数: 385页
开本: 20cm
丛书名:
单 册:
中图分类: F471.266
科图分类:
主题词: 计算机工业--工业企业管理--研究--美国
电子资源:
ISBN: 7-80627-623-8
000 00734nam0 2200205 45
001 0304190126
005 20031219104109.6
010    @a7-80627-623-8@dCNY20.00
100    @a20030419d2000 km y0chiy0120 ea
101 0  @achi
105    @aa z 000yy
200 1  @a要么创新,要么死亡@AYao Mo Chuang Xin,Yao Mo Si Wang@e从微软被审看新经济规则@ECong Wei Ruan Bei Shen Kan Xin Jing Ji Gui Ze@f谢国平著@FXie Guo Ping Zhu
210    @a北京@c东方出版社@d2000
215    @a385页@c插图@d20cm
517    @a从微软被审看新经济规则@ACong Wei Ruan Bei Shen Kan Xin Jing Ji Gui Ze
606 0  @a计算机工业@x工业企业管理@x研究@y美国
690    @aF471.266@v4
701  0 @a谢国平@4著
801    @aCN@bTSTC@c20030419
905    @b322945-947@dF471.266@e16@f3
    
    要么创新,要么死亡:从微软被审看新经济规则/谢国平著.-北京:东方出版社,2000
    385页:插图;20cm
    
    
    ISBN 7-80627-623-8:CNY20.00
    
●
相关链接 在E读中查询图书 在五车中查询图书 在当当中查询图书 在豆瓣中查询图书


正题名:要么创新,要么死亡     索取号:F471.266/16         预约/预借

序号 登录号 条形码 馆藏地/架位号 状态 备注
1 0322945   203229452   第一借阅区/ [索取号:F471.266/16] 在馆    
2 0322946   203229461   第一借阅区/ [索取号:F471.266/16] 在馆    
3 0322947   203229470   第一样本阅览室/ [索取号:F471.266/16] 在馆    
唐山师范学院图书馆 欢迎您!
大连网信软件有限公司© 版权所有